00411nam a2200145Ia 4500008004100000020001500041041001200056082001600068100002100084245006900105260004300174300000800217650001500225700002500240221030s9999 xx 000 0 und d a8122406173 aEnglish a105.23bBha aS. S. Bhavikatti 0aEngineering Mechanicscby S. S. Bhavikatti, K. G. Rajashekarappa bNew Age InterantionalaNew Delhic1999 a537 aMechanical aK. G. Rajashekarappa